Elements by Atomic Number - Click - Statistics

General Stats
  • This quiz has been taken 33 times
  • The average score is 38 of 118
Answer Stats
Hint Answer % Correct
1 Hydrogen
55%
4 Beryllium
45%
6 Carbon
45%
9 Fluorine
45%
2 Helium
45%
115 Moscovium
45%
93 Neptunium
45%
76 Osmium
45%
94 Plutonium
45%
73 Tantalum
45%
117 Tennessine
45%
65 Terbium
45%
22 Titanium
45%
92 Uranium
45%
13 Aluminum
36%
18 Argon
36%
56 Barium
36%
97 Berkelium
36%
107 Bohrium
36%
5 Boron
36%
35 Bromine
36%
55 Caesium
36%
20 Calcium
36%
98 Californium
36%
17 Chlorine
36%
27 Cobalt
36%
112 Copernicium
36%
99 Einsteinium
36%
63 Europium
36%
87 Francium
36%
64 Gadolinium
36%
31 Gallium
36%
49 Indium
36%
77 Iridium
36%
26 Iron
36%
36 Krypton
36%
57 Lanthanum
36%
103 Lawrencium
36%
82 Lead
36%
3 Lithium
36%
116 Livermorium
36%
25 Manganese
36%
80 Mercury
36%
28 Nickel
36%
7 Nitrogen
36%
118 Oganesson
36%
8 Oxygen
36%
46 Palladium
36%
88 Radium
36%
86 Radon
36%
111 Roentgenium
36%
37 Rubidium
36%
21 Scandium
36%
106 Seaborgium
36%
34 Selenium
36%
14 Silicon
36%
47 Silver
36%
16 Sulfur
36%
50 Tin
36%
23 Vanadium
36%
39 Yttrium
36%
30 Zinc
36%
40 Zirconium
36%
95 Americium
27%
51 Antimony
27%
33 Arsenic
27%
83 Bismuth
27%
48 Cadmium
27%
58 Cerium
27%
24 Chromium
27%
29 Copper
27%
96 Curium
27%
110 Darmstadtium
27%
105 Dubnium
27%
66 Dysprosium
27%
100 Fermium
27%
32 Germanium
27%
79 Gold
27%
72 Hafnium
27%
108 Hassium
27%
53 Iodine
27%
71 Lutetium
27%
12 Magnesium
27%
109 Meitnerium
27%
101 Mendelevium
27%
60 Neodymium
27%
10 Neon
27%
41 Niobium
27%
15 Phosphorus
27%
78 Platinum
27%
84 Polonium
27%
19 Potassium
27%
91 Protactinium
27%
75 Rhenium
27%
45 Rhodium
27%
44 Ruthenium
27%
104 Rutherfordium
27%
62 Samarium
27%
11 Sodium
27%
38 Strontium
27%
43 Technetium
27%
52 Tellurium
27%
81 Thallium
27%
90 Thorium
27%
69 Thulium
27%
74 Tungsten
27%
89 Actinium
18%
85 Astatine
18%
68 Erbium
18%
114 Flerovium
18%
67 Holmium
18%
42 Molybdenum
18%
113 Nihonium
18%
102 Nobelium
18%
59 Praseodymium
18%
61 Promethium
18%
54 Xenon
18%
70 Ytterbium
18%
No matching quizzes found
Score Distribution
Percent of People with Each Score
Percentile by Number Answered
Your Score History
You have not taken this quiz